000 00374nam a2200157Ia 4500
003 Ost
005 20260225132541.0
008 260225s9999||||xx |||||||||||||| ||und||
040 _cfsic
041 _afre
082 _a27.07
100 _aclaire guinchat
_eAuteur
245 0 _aguide pratique des technique documentaires /
245 0 _cclaire guinchat
942 _cكتاب
999 _c33513
_d33513